| 000 | 00464nam a22001697a 4500 | ||
|---|---|---|---|
| 003 | OSt | ||
| 005 | 20251125094433.0 | ||
| 008 | 251125b |||||||| |||| 00| 0 eng d | ||
| 020 | _a978-0-06-204857-8 | ||
| 040 |
_aDWC-Main lib. _cOC |
||
| 082 | _aFic. C273r 2013 | ||
| 100 | _aCary, Anna | ||
| 245 |
_aRise : _ban eve novel/ _cAnna Cary |
||
| 260 |
_aNew York : _bAlloy Entertainment, _cc2013. |
||
| 300 |
_a310 pages ; _c21 cm. |
||
| 942 |
_2ddc _cFIC. _hFic. _n0 |
||
| 999 |
_c6184 _d6184 |
||